000 00378nam a22001337a 4500
020 _a0398034222
050 _aQD 415
_b.I58
245 _aAn introduction to bio-inorganic chemistry
260 _aU.S.A :
_bCharles C.Thomas publisher,
_c1976.
300 _ax,402p.
500 _aIncludes index.
650 _bBioinorganic chemistry
_vBiochemistry
_xChemistry inorganic
942 _cGEN
999 _c2055
_d2055